[Event "Budapest FS06 FM-B"]
[Site "Budapest"]
[Date "2013.06.03"]
[Round "3"]
[White "Szabo, Miklos Istvan"]
[Black "Csiba, Tibor"]
[Result "1-0"]
[WhiteElo "1322"]
[BlackElo "1587"]
[PlyCount "57"]
[EventDate "2013.06.01"]
[EventType "tourn"]
[EventRounds "11"]
[EventCountry "HUN"]
[SourceTitle "CBM 154 Extra"]
[Source "ChessBase"]
[SourceDate "2013.06.25"]
[SourceVersion "2"]
[SourceVersionDate "2013.06.25"]
[SourceQuality "1"]

1. d4 Nf6 2. c4 g6 3. Nf3 Bg7 4. Nc3 d5 5. e3 0-0 6. Be2 Na6 7. c5 Nb4 8. a3 Nc6 9. 0-0 a6 10. Qc2 Bf5 11. Bd3 Bxd3 12. Qxd3 Re8 13. e4 dxe4 14. Nxe4 Nxe4 15. Qxe4 f5 16. Qe6+ Kh8 17. Ng5 Rf8 18. Nf7+ Rxf7 19. Qxf7 Qxd4 20. Be3 Qe4 21. Qb3 Nd4 22. Bxd4 Bxd4 23. Rae1 Qh4 24. Qxb7 Rg8 25. c6 f4 26. Qxc7 Bc5 27. Qe5+ Qf6 28. Qxc5 f3 29. Qe5 1-0